| 000 | 004240000a22001810004500 | ||
|---|---|---|---|
| 003 | MACL | ||
| 005 | 20160128132423.0 | ||
| 008 | 160128b xxu||||| |||| 00| 0 eng d | ||
| 040 |
_aMACL _cMACL |
||
| 041 | _aEnglish | ||
| 082 | _a954/ROB | ||
| 100 |
_aRobb, Peter _934886 |
||
| 245 | _aA History of India | ||
| 260 |
_bPalgrave _c2002 _aNew York |
||
| 350 | _a795 | ||
| 650 |
_aHistory _934887 |
||
| 942 |
_cBK _k954/ROB _2ddc |
||
| 999 |
_c32293 _d32293 |
||